| 000 | 00433nam a2200157 a 4500 | ||
|---|---|---|---|
| 001 | 000047508 | ||
| 005 | 20201002060558.0 | ||
| 008 | 180613s1984 dr 000 spa d | ||
| 040 |
_aDO-SdBNP _bspa _cBNPHU |
||
| 082 |
_axxx _bG748 |
||
| 100 | 1 |
_aEspaillat, Miguel _975128 |
|
| 245 | 3 |
_aEl gran Cain. / _cMiguel Espaillat. |
|
| 260 |
_aSanto Domingo : _bAmérica, _c1984. |
||
| 300 |
_a148 p ; _c21 cm. |
||
| 590 | _aInventariado,2018/DG | ||
| 999 |
_c46996 _d46996 |
||